Burzy a burzovní obchody
Gespeichert in:
| 1. Verfasser: | |
|---|---|
| Weitere Verfasser: | |
| Format: | Buch |
| Sprache: | Tschechisch |
| Veröffentlicht: |
Praha
Informatorium
1991
|
| Ausgabe: | 1. vyd. |
| Schlagworte: | |
| Tags: |
Keine Tags, Fügen Sie das erste Tag hinzu!
|
MARC
| LEADER | 00000nam a2200000 4500 | ||
|---|---|---|---|
| 001 | c000907 | ||
| 005 | 20221214101526.9 | ||
| 020 | |a 80-85427-00-1 | ||
| 041 | 0 | |a cze | |
| 044 | |a CZ | ||
| 245 | 1 | 0 | |a Burzy a burzovní obchody |c Václav Beneš, Petr Musílek |
| 250 | |a 1. vyd. | ||
| 264 | 1 | |a Praha |b Informatorium |c 1991 | |
| 300 | |a 229 s. | ||
| 610 | 2 | 0 | |a burzy |
| 610 | 2 | 0 | |a obchody burzové |
| 610 | 2 | 0 | |a podnikanie obchodné |
| 610 | 2 | 0 | |a papiere cenné |
| 610 | 2 | 0 | |a operácie obchodné |
| 610 | 2 | 0 | |a ceny burzové |
| 610 | 2 | 0 | |a svet |
| 610 | 2 | 0 | |a ČSFR |
| 610 | 2 | 0 | |a Praha |
| 610 | 2 | 0 | |a hospodárstvo trhové |
| 100 | 1 | |a Beneš, Václav | |
| 700 | 1 | |a Musílek, Petr | |